000 00991nam a2200301 i 4500
001 bg
100 1 _aRAYMOND, Eric S.
245 1 0 _aUnix :
_bsztuka programowania /
_cEric S. Raymond ; [tł. Grzegorz Werner, Wojciech Moch].
246 _iTyt. oryg.:
_aThe art of Unix programming
260 _aGliwice :
_b"Helion",
_ccop. 2004.
300 _a520 s. :
_bfot., rys. ;
_c24 cm.
490 1 _aProfesjonalne Techniki Programowania
500 _aTyt. oryg.: "The art of Unix programming" 2004.
504 _aBibliogr. s. 485-496. Indeks.
650 9 _aUNIX
655 _aPodręczniki
700 1 _aWERNER, Grzegorz.
_eTł.
700 1 _aMOCH, Wojciech.
_eTł.
830 _aProfesjonalne Techniki Programowania
020 _a8373614192
040 _cBPK
041 1 _apol
_heng
080 _a004.451(07)
920 _a83-7361-419-2
942 _cKS
008 s pl f |000 0 pol
999 _c44936
_d44936
856 _uhttp://koha.tu.koszalin.pl/cgi-bin/koha/opac-detail.pl?biblionumber=44936
_yKatalog online BPK